Computer system architecture / (رقم التسجيلة. 30537)

تفاصيل مارك
000 -الفاتح
حقل البيانات ثابتة الطول 00695pam a2200241 a 4500
001 - رقم الضبط
رقم الضبط 25674778
003 - محدد رقم الضبط
رقم الضبط OCoLC
005 - وقت وتاريخ اخر تعامل مع التسجيلة
رقم الضبط 20150408114138.0
008 - عناصر البيانات ثابتة الطول - معلومات عامة
حقل البيانات ثابتة الطول 920320s1993 njua b 001 0 eng
020 ## - الرقم الدولى المعيارى للكتب
الرقم الدولى المعيارى للكتاب 9780131757387
040 ## - مصدر الفهرسة
وكالة الفهرسة الأصلية Ma-Un
050 00 - رقم طلب مكتبة الكونجرس
رقم التصنيف QA76.9.A73
082 00 - رقم تصنيف ديوى العشرى
رقم التصنيف 004.22
رقم الطبعة 20
100 1# - المدخل الرئيسى - إسم شخصى
الإسم الشخصى Mano, M. Morris,
التواريخ المصاحبة للاسم 1927-
9 (RLIN) 36619
245 10 - بيان العنوان
العنوان Computer system architecture /
بيان المسئوليه,etc M. Morris Mano.
250 ## - بيان الطبعة
بيان الطبعة 3rd ed.
260 ## - PUBLICATION, DISTRIBUTION, ETC. (IMPRINT)
مكان الناشر او الموزع Englewood Cliffs, N.J. :
اسم الناشر او الموزع Prentice Hall,
تاريخ النشر أو التوزيع c1993.
300 ## - الوصف المادى
التعداد xviii, 525 p. :
تفاصيل ماديه اخرى للوعاء ill. ;
أبعاد الوعاء 25 cm.
504 ## - تبصرة ببليوجرافية
تبصرة ببليوجرافية,الخ Includes bibliographical references and index.
650 #0 - المدخل الاضافى بالموضوع-مصطلح موضوعى
مصطلح موضوعي أو اسم جغرافي كعنصر مدخل Computer architecture.
653 0# - مصطلح تكشيفى غير مقيد
مصطلح غير مقيد Computers
-- Design.
942 ## - عناصر المدخل الإضافي( كوها)
مصدر التصنيف او مخطط الترفيف Dewey Decimal Classification
Koha [default] item type كتاب
المقتنيات
حالة الفقد نموذج السعر الفعال حالة تلف ليس للاعارة رقم الطلب رقم النسخة تاريخ الاكتساب الموقع الحالي الباركود الفرع الرئيسي Date last seen نوع المادة فى نظام كوها مصدر التصنيف او خطة الترفيف Total Checkouts
  2013-08-23     004.22 MMC 1 2013-08-23 المكتبة المركزية بالمجمعة (CL) 00450555 المكتبة المركزية بالمجمعة (CL) 2013-08-23 كتاب Dewey Decimal Classification  
  2013-08-23     004.22 MMC 2 2013-08-23 المكتبة المركزية بالمجمعة (CL) 00450554 المكتبة المركزية بالمجمعة (CL) 2013-08-23 كتاب Dewey Decimal Classification  
  2013-08-23   Not For Loan 004.22 MMC 3 2013-08-23 المكتبة المركزية بالمجمعة (CL) 00450556 المكتبة المركزية بالمجمعة (CL) 2013-08-23 كتاب Dewey Decimal Classification  
  2013-08-24     004.22 MMC 4 2013-08-24 المكتبة المركزية بالمجمعة (CL) 00450893 المكتبة المركزية بالمجمعة (CL) 2013-08-24 كتاب Dewey Decimal Classification  
  2013-08-24     004.22 MMC 5 2013-08-24 المكتبة المركزية بالمجمعة (CL) 00450891 المكتبة المركزية بالمجمعة (CL) 2013-08-24 كتاب Dewey Decimal Classification  
  2013-08-24     004.22 MMC 6 2013-08-24 المكتبة المركزية بالمجمعة (CL) 00450889 المكتبة المركزية بالمجمعة (CL) 2013-08-24 كتاب Dewey Decimal Classification  
  2013-08-19     004.22 MMC 1 2013-08-19 مكتبة مجمع الكليات بالزلفى - طلاب (SZM) 00450553 مكتبة مجمع الكليات بالزلفى - طلاب (SZM) 2013-08-19 كتاب Dewey Decimal Classification  
  2013-08-19     004.22 MMC 2 2013-08-19 مكتبة مجمع الكليات بالزلفى - طلاب (SZM) 00450552 مكتبة مجمع الكليات بالزلفى - طلاب (SZM) 2013-08-19 كتاب Dewey Decimal Classification  
  2013-08-19   Not For Loan 004.22 MMC 3 2013-08-19 مكتبة مجمع الكليات بالزلفى - طلاب (SZM) 00450551 مكتبة مجمع الكليات بالزلفى - طلاب (SZM) 2013-08-19 كتاب Dewey Decimal Classification  
  2013-08-24     004.22 MMC 4 2013-08-24 مكتبة مجمع الكليات بالزلفى - طلاب (SZM) 00450892 مكتبة مجمع الكليات بالزلفى - طلاب (SZM) 2013-08-24 كتاب Dewey Decimal Classification  
  2013-08-24     004.22 MMC 5 2013-08-24 مكتبة مجمع الكليات بالزلفى - طلاب (SZM) 00450890 مكتبة مجمع الكليات بالزلفى - طلاب (SZM) 2013-08-24 كتاب Dewey Decimal Classification